| 000 -ლიდერი |
| ფიქსირებული სიგრძის საკონტროლო ველი |
01393nam a2200277Ia 4500 |
| 001 - საკონტროლო ნომერი |
| საკონტროლო ველი |
4872 |
| 003 - საკონტროლო ნომრის იდენტიფიკატორი |
| საკონტროლო ველი |
GE_BSU |
| 005 - ბოლო ოპერაციის თარიღი და დრო |
| საკონტროლო ველი |
20190815115117.0 |
| 008 - ფიქსირებული სიგრძის მონაცემთა ელემენტები - ზოგადი ინფორმაცია |
| ფიქსირებული სიგრძის საკონტროლო ველი |
181216s2003||||ge |||||||||||||| ||geo|| |
| 040 ## - კატალოგიზაციის წყარო |
| Transcribing agency |
GE_BSU |
| 041 ## - ენის კოდი |
| Language code of text/sound track or separate title |
geo |
| 080 ## - უნივერსალური ათობითი კლასიფიკაციის ინდექსი |
| Universal Decimal Classification number |
910.4(479.223)+910.4(560)+913(479)(036) ვ-29 |
| 100 ## - მთავარი ჩანაწერი - პიროვნების სახელი |
| Personal name |
ვეიდენბაუმი, ევგენი |
| 9 (RLIN) |
3612 |
| 245 ## - ცნობა სათაურის შესახებ |
| Title |
ბათუმიდან ართვინამდე : |
| Remainder of title |
(მგზავრის ჩანაწერები) / |
| Statement of responsibility, etc |
ევგენი ვეიდენბაუმი ; მთარგმ. : მზია ჩხაიძე და გოჩა საითიძე. |
| 264 ## - წარმოების, გამოცემის, დისტრიბუციის და სხვა ცნობები |
| გამოცემის, წარმოების, დისტრიბუციის... ადგილი |
თბილისი : |
| გამოცემის, წარმოების, დისტრიბუციის... სახელწოდება |
არტანუჯი ; |
| გამოცემის, წარმოების, დისტრიბუციის... თარიღი |
2003. |
| 300 ## - ფიზიკური აღწერა |
| Extent |
96 გვ. : |
| Other physical details |
სურათ. ; |
| Dimensions |
20 სმ. |
| 653 ## - INDEX TERM--UNCONTROLLED |
| Uncontrolled term |
ბათუმიდან ართვინამდე |
| 653 ## - INDEX TERM--UNCONTROLLED |
| Uncontrolled term |
მგზავრის ჩანაწერები |
| 653 ## - INDEX TERM--UNCONTROLLED |
| Uncontrolled term |
მოგზაურობა თურქეთში |
| 653 ## - INDEX TERM--UNCONTROLLED |
| Uncontrolled term |
კავკასიის გზამკვლევი |
| 653 ## - INDEX TERM--UNCONTROLLED |
| Uncontrolled term |
მოგზაურობა საქართველოში |
| 700 ## - ADDED ENTRY--PERSONAL NAME |
| Personal name |
ჩხაიძე, მზია |
| Relator term |
მთარგმნელი |
| 9 (RLIN) |
3613 |
| 700 ## - ADDED ENTRY--PERSONAL NAME |
| Personal name |
საითიძე, გოჩა |
| Relator term |
მთარგმნელი |
| 9 (RLIN) |
3614 |
| 942 ## - ADDED ENTRY ELEMENTS (KOHA) |
| Koha item type |
წიგნი |
| Source of classification or shelving scheme |
|